| 000 | 01279cam a2200301 a 4500 | ||
|---|---|---|---|
| 001 | 2562161 | ||
| 005 | 20060719180302.0 | ||
| 008 | 951006s1996 nyu | b 001 0 eng d | ||
| 010 | _a 95042341 | ||
| 020 | _a0195105990 (alk. paper) | ||
| 020 | _a0195106008 (pbk. alk. paper) | ||
| 040 |
_aDLC _cDLC _dDLC |
||
| 050 | 0 | 0 |
_aJC423 _b.D726 1996 |
| 082 | 0 | 0 |
_a321.809049 _220 _bDRY |
| 100 | 1 |
_aDryzek, John S., _d1953- _915593 |
|
| 245 | 1 | 0 |
_aDemocracy in Capitalist Times : _bIdeals, Limits, and Struggles / _cJohn S. Dryzek. |
| 260 |
_aNew York : _bOxford University Press, _cc1996. |
||
| 300 |
_aviii, 182 p. ; _c24 cm. |
||
| 504 | _aIncludes bibliographical references and index. | ||
| 541 | _aBacca ; | ||
| 650 | 0 |
_aDemocracy. _915594 |
|
| 650 | 0 |
_aCapitalism. _915595 |
|
| 856 | 4 | 2 |
_3Publisher description _uhttp://www.loc.gov/catdir/enhancements/fy0604/95042341-d.html |
| 856 | 4 | 1 |
_3Table of contents only _uhttp://www.loc.gov/catdir/enhancements/fy0604/95042341-t.html |
| 942 |
_2ddc _cBB |
||
| 999 |
_c14315 _d14315 |
||